000 01898nam0a2200385 4500
001 RU\NLR\BIBL_A\012226238
005 20250623232129.0
010 _a978-5-7422-6677-8
_9120
021 _aRU
_b2019-105201
_9КН-П-7756
035 _a(RuMoRGB)010225929
035 _a(NLR Aleph) 012226238
090 _a10960599
_c10960599
100 _a20200220d2019 |||y0rusy50 ca
101 0 _aeng
102 _aRU
105 _ac z 100zy
181 0 _ai
_baxxe
182 0 _an
200 1 _aAdvances and applications in plasma physics, Saint-Petersburg, September 18-20, 2019
_dДостижения и применения физики плазмы, Санкт-Петербург, 18-20 сентября 2019 года
_eabstract book
_fThe ministry of science and higher education of the Russian Federation, Saint-Petersburg polytechnic university
_g[editor: Yakubson Vera]
_zrus
203 _aТекст
_bвизуальный
_cнепосредственный
210 _aSaint-Petersburg
_cPolytech-press
_d2019
215 _a117 с.
_cпортр.
_d20
225 1 _aA nature conference
510 1 _aДостижения и применения физики плазмы, Санкт-Петербург, 18-20 сентября 2019 года
_zrus
606 1 _aПлазма
_jТезисы докладов
_92173395
_3RU\NLR\AUTH\661307261
686 1 _aВ333я431(0)
702 1 _aJakubson
_bV. M.
_gVera M.
_4340
711 1 2 _7ba
_8eng
_a"Advances and applications in plasma physics", international scientific conference
_eSaint-Petersburg
_f2019
_9702255
_3RU\NLR\AUTH\880520732
712 0 2 _4475
_7ba
_8eng
_aPeter the Great St. Petersburg polytechnic university
_9487987
_3RU\NLR\AUTH\880411215
830 _aДостижения и применение физики плазмы
942 _cBOOK
980 _aNB